000 00563nam a2200229Ia 4500
003 OSt
005 20221005113917.0
006 a|||||r|||| 00| 0
007 ta
008 221004b |||||||| |||| 00| 0 tam d
024 _a50150
037 _cTextual
040 _aCRL
_cCRL
_btam
041 _2tam
_atam
082 _aO31,3NCHA,1, L5
100 _aChali Au.
_9625141
245 0 _aAlaigal pesuginrana
260 _c1975
650 _aTAMIL FICTION
942 _hO31,3NCHA,1, L5
_cTEXL
_2cc
999 _c1029709
_d1029709